000 00762nam a2200217 a 4500
001 000008397
005 20240412074207.0
008 090916s2005 dr 000 0 spa d
020 _a9993479381
040 _aDO-SdBNP
082 _aRD868.99233
_bV335l
100 1 _aVásquez Henríquez, Erasmo,
_d1948-
_922642
245 1 0 _aLuces del recuerdo :
_bcuentos, anécdotas y experiencias de la vida /
_cErasmo Vásquez Henríquez.
260 _aSanto Domingo :
_bBúho,
_c2005.
300 _a168 p. ;
_c18 cm.
500 _aIncluye datos biográficos del autor en la solapa y en la solapa de la contracubierta.
650 0 _aLiteratura dominicana.
_967
650 0 _aCuentos dominicanos
_9176
651 4 _aRepública Dominicana
_vANECDOTAS
_922643
049 _aBNPD
999 _c8168
_d8168